| 000 | 01286nam a22002297a 4500 | ||
|---|---|---|---|
| 008 | 170923s1990 xxu||||| |||| 00| 0 eng d | ||
| 082 | 0 | 4 |
_a708 _bK295m |
| 100 | 1 |
_aKelly, Mary. _95975 |
|
| 245 | 1 | 0 |
_aInterim / _cMary Kelly. |
| 250 | _a1a edición. | ||
| 260 |
_aNueva York, Estados Unidos : _bThe New Museum of Contemporary Art, _c1990. |
||
| 300 |
_a66 páginas : _bilustraciones en color. |
||
| 500 | _aCatálogo publicado con motivo a la exposición itinerante "Interim", presentada en: -The New Museum of Contemporary Arte en New York, del 16 de febrero al 8 de abril de 1990 -Vancouver Art Gallery, del 16 de mayo al 31 de julio de 1990 - The Power Plant en Toronto, del 1 a febrero al 17 de marzo de 1991. | ||
| 505 | 0 |
_tPreface _rGary Sangster. _tPlates. _tPicture this: an introduction to interim _rMarcia Tucker. _tInterim and identification _rNorman Bryson. _tIntervention in history: on the historical, the subjective, and the textual _rGriselda Pollock. _tThat obscure subject of desire _rUn entrevista con Mary Kelly por Hal Foster. _tList of work. |
|
| 653 | 1 | 0 | _aArte contemporáneo |
| 653 | 1 | 0 | _aCatálogo de exhibición |
| 653 | 1 | 0 | _aExhibiciones |
| 653 | 1 | 0 | _aArte conceptual |
| 653 | 1 | 0 | _aExhibición itinerante |
| 653 | 1 | 0 | _aInstalación |
| 653 | 1 | 0 | _aArte - Feminismo |
| 999 |
_c1283 _d1283 |
||